Kształty flag świata - Statystyki

Ogólne statystyki
  • Ten quiz został rozwiązany 11 razy
  • Średni wynik to 137 z 182
Statystyki odpowiedzi
Obrazkowy Odpowiedź % Poprawnych
afganistan
100%
albania
100%
algieria
100%
andora
100%
angola
100%
antigua i barbuda
100%
arabia saudyjska
100%
argentyna
100%
armenia
100%
australia
100%
austria
100%
azerbejdżan
86%
bahamy
86%
bahrajn
86%
bangladesz
86%
barbados
86%
belgia
86%
belize
86%
benin
86%
bhutan
86%
białoruś
86%
boliwia
86%
bośnia i hercegowina
86%
botswana
86%
brazylia
86%
brunei
86%
burkina faso
86%
burundi
86%
chile
86%
chiny
86%
chorwacja
86%
cypr
86%
czad
86%
czarnogóra
86%
czechy
86%
dania
86%
demokratyczna republika konga
86%
dominika
86%
dominikana
86%
dżibuti
86%
egipt
86%
ekwador
86%
estonia
86%
eswatini
86%
etiopia
86%
filipiny
86%
finlandia
86%
francja
86%
gabon
86%
gambia
86%
ghana
86%
grecja
86%
grenada
86%
gruzja
86%
gwatemala
86%
gwinea
86%
gwinea bissau
86%
gwinea równikowa
86%
haiti
86%
hiszpania
86%
holandia
86%
honduras
86%
indie
86%
indonezja
86%
irak
86%
iran
86%
irlandia
86%
islandia
86%
izrael
86%
jamajka
86%
japonia
86%
kambodża
86%
kamerun
86%
kanada
86%
katar
86%
kazachstan
86%
kenia
86%
kiribati
86%
kolumbia
86%
komory
86%
kongo
86%
korea północna
86%
korea południowa
86%
kosowo
86%
kostaryka
86%
kuba
86%
kuwejt
86%
laos
86%
liban
86%
nikaragua
86%
bułgaria
71%
fidżi
71%
jordania
71%
lesotho
71%
liberia
71%
libia
71%
litwa
71%
łotwa
71%
luksemburg
71%
macedonia północna
71%
madagaskar
71%
malawi
71%
malediwy
71%
malezja
71%
maroko
71%
mauretania
71%
mauritius
71%
meksyk
71%
mikronezja
71%
mołdawia
71%
monako
71%
mongolia
71%
mozambik
71%
nauru
71%
nepal
71%
niemcy
71%
niger
71%
nigeria
71%
norwegia
71%
nowa zelandia
71%
oman
71%
pakistan
71%
panama
71%
peru
71%
polska
71%
portugalia
71%
saint lucia
71%
saint vincent i grenadyny
71%
salwador
71%
seszele
71%
sudan
71%
timor wschodni
71%
węgry
71%
wenezuela
71%
gujana
57%
lichtenstein
57%
papua nowa-gwinea
57%
paragwaj
57%
republika południowej afryki
57%
republika zielonego przylądka
57%
rosja
57%
rumunia
57%
saint kitts
57%
samoa
57%
senegal
57%
serbia
57%
singapur
57%
słowacja
57%
słowenia
57%
somalia
57%
sri lanka
57%
stany zjednoczone
57%
syria
57%
szwajcaria
57%
szwecja
57%
tajlandia
57%
tajlandia
57%
tajwan
57%
tanzania
57%
togo
57%
tonga
57%
trynidad i tobago
57%
tunezja
57%
turcja
57%
ukraina
57%
urugwaj
57%
uzbekistan
57%
watykan
57%
wielka brytania
57%
wietnam
57%
włochy
57%
wybrzeżę kości słoniowej
57%
wyspy marshalla
57%
wyspy salomona
57%
wyspy świętego tomasza i książęca
57%
zambia
57%
zimbabwe
57%
surinam
43%
tadżykistan
43%
tuvalu
43%
vanuatu
43%
palau
14%
Nie znaleziono quizów pasujących do podanych kryteriów
Rozkład punktacji
Procent ludzi z każdym wynikiem
Percentyl według liczby udzielonych odpowiedzi
Twoja historia wyników
Nie rozwiązałeś tego quizu